[Event "43. Olimpiada Batumi 2018 Femenina"]
[Site "Batumi GEO"]
[Date "2018.09.30"]
[Round "6.1"]
[White "Sihite, Chelsie Monica Igne"]
[Black "February, Jesse Nikki"]
[Result "1-0"]
[WhiteElo "2244"]
[BlackElo "1933"]
[PlyCount "117"]
[EventDate "2018.09.24"]
[EventType "team-swiss"]
[EventRounds "11"]
[EventCountry "GEO"]
[SourceTitle "Ajedrez en Madrid"]
[Source "lmi"]
[SourceDate "2018.09.24"]
[WhiteTeam "Indonesia"]
[BlackTeam "South Africa"]
[WhiteTeamCountry "INA"]
[BlackTeamCountry "RSA"]

1. e4 e6 2. d4 d5 3. Nd2 Nf6 4. e5 Nfd7 5. Bd3 c5 6. c3 Nc6 7. Ne2 cxd4 8. cxd4
f6 9. exf6 Nxf6 10. Nf3 Bd6 11. O-O O-O 12. Bf4 Bxf4 13. Nxf4 Ne4 14. Qc1 Ng5
15. Nxg5 Qxg5 16. Ne2 Qf6 17. Qc5 Bd7 18. Rad1 Rac8 19. Bb1 Be8 20. Qd6 Bh5 21.
f3 Rcd8 22. Qg3 e5 23. dxe5 Nxe5 24. Nd4 Rfe8 25. b3 Bg6 26. f4 Nc6 27. Nxc6
bxc6 28. Bxg6 hxg6 29. Qd3 Re4 30. Rf2 Rde8 31. Rdf1 Re3 32. Qc2 Rc3 33. Qd1 d4
34. f5 g5 35. Qg4 d3 36. Rd2 Rd8 37. Rfd1 Rd4 38. Qh3 Qe5 39. f6 gxf6 40. Rf2
Rh4 41. Qc8+ Kg7 42. Qd7+ Kg6 43. g4 Rh7 44. Qc8 Rc7 45. Qd8 Qe6 46. h3 Rf7 47.
Rxd3 Rc1+ 48. Rd1 Rxd1+ 49. Qxd1 Rd7 50. Qf3 Kg7 51. Kg2 Rd4 52. Qf5 Qd6 53.
Re2 Rf4 54. Qe6 Qd4 55. Qe7+ Kg6 56. Qe8+ Kh6 57. Qh8+ Kg6 58. Qh5+ Kg7 59.
Re7+ 1-0

[Event "43. Olimpiada Batumi 2018 Femenina"]
[Site "Batumi GEO"]
[Date "2018.09.30"]
[Round "6.2"]
[White "Bouah, Denise"]
[Black "Fisabilillah, Ummi"]
[Result "0-1"]
[WhiteElo "1780"]
[BlackElo "2227"]
[PlyCount "118"]
[EventDate "2018.09.24"]
[EventType "team-swiss"]
[EventRounds "11"]
[EventCountry "GEO"]
[SourceTitle "Ajedrez en Madrid"]
[Source "lmi"]
[SourceDate "2018.09.24"]
[WhiteTeam "South Africa"]
[BlackTeam "Indonesia"]
[WhiteTeamCountry "RSA"]
[BlackTeamCountry "INA"]

1. e4 e6 2. d4 d5 3. Nc3 dxe4 4. Nxe4 Nd7 5. Be3 Ngf6 6. Bd3 Nd5 7. Bg5 Be7 8.
Bxe7 Qxe7 9. Ne2 Qb4+ 10. Qd2 Qxb2 11. O-O Qb4 12. Qg5 O-O 13. c4 N5f6 14. c5
Nxe4 15. Bxe4 Nf6 16. Bd3 Qa4 17. Rfb1 Qd7 18. Rb3 h6 19. Qh4 b6 20. Bc2 Ba6
21. Ng3 Rfd8 22. cxb6 cxb6 23. Bd3 Bb7 24. Ne2 Qd5 25. f3 Rac8 26. Rb5 Qd6 27.
Rb3 Bd5 28. Rb2 Bc4 29. Bxc4 Rxc4 30. Qf2 Rdc8 31. Qe3 Nd5 32. Qe5 Qc6 33. Qe4
Qa4 34. Rab1 Rc2 35. Qd3 Rxb2 36. Rxb2 Qc4 37. Qd2 Ne7 38. Qe3 Qa4 39. Qd2 Rc4
40. Qd3 Qc6 41. Kf2 Nd5 42. Qa3 a5 43. Qd3 Nb4 44. Qd2 Rc2 45. Rxc2 Qxc2 46.
Qxc2 Nxc2 47. a4 Kf8 48. Kg3 Ke7 49. Kf4 Kd6 50. g4 Kd5 51. h4 Nxd4 52. Nc3+
Kc6 53. Ke4 Kc5 54. f4 b5 55. axb5 Nxb5 56. Na2 Kc4 57. Ke5 Kb3 58. Nc1+ Kc2
59. Ne2 a4 0-1

[Event "43. Olimpiada Batumi 2018 Femenina"]
[Site "Batumi GEO"]
[Date "2018.09.30"]
[Round "6.3"]
[White "Anisa, Aay Aisyah"]
[Black "Selkirk, Rebecca"]
[Result "1-0"]
[WhiteElo "1968"]
[BlackElo "1733"]
[PlyCount "95"]
[EventDate "2018.09.24"]
[EventType "team-swiss"]
[EventRounds "11"]
[EventCountry "GEO"]
[SourceTitle "Ajedrez en Madrid"]
[Source "lmi"]
[SourceDate "2018.09.24"]
[WhiteTeam "Indonesia"]
[BlackTeam "South Africa"]
[WhiteTeamCountry "INA"]
[BlackTeamCountry "RSA"]

1. e4 c6 2. d4 d5 3. Nd2 dxe4 4. Nxe4 Nd7 5. Ng5 Ngf6 6. Bd3 e6 7. N1f3 h6 8.
Ne4 Nxe4 9. Bxe4 Nf6 10. Bd3 c5 11. Qe2 cxd4 12. Bb5+ Bd7 13. Nxd4 Bc5 14.
Bxd7+ Qxd7 15. Nb3 Bb6 16. O-O Qc6 17. c3 O-O 18. Be3 Qe4 19. Rfe1 Bxe3 20.
Qxe3 Qxe3 21. Rxe3 Rfd8 22. f3 Rd5 23. Kf2 Rad8 24. Rae1 g5 25. c4 R5d7 26. Rc3
b6 27. h3 Nh5 28. g3 Ng7 29. c5 bxc5 30. Nxc5 Rd2+ 31. Re2 Kf8 32. g4 Rd1 33.
Ra3 Rc8 34. b4 Rc7 35. Rc2 Ke7 36. Rac3 Rh1 37. a4 Rb1 38. b5 Ne8 39. Na6 Rd7
40. Nb8 Rb7 41. Rc8 Nd6 42. R2c7+ Rxc7 43. Rxc7+ Ke8 44. Rxa7 Rb2+ 45. Ke1 Rb3
46. Nc6 Rxf3 47. Ra8+ Kd7 48. Ne5+ 1-0

[Event "43. Olimpiada Batumi 2018 Femenina"]
[Site "Batumi GEO"]
[Date "2018.09.30"]
[Round "6.4"]
[White "Van Zyl, Charlize"]
[Black "Edithso, Samantha"]
[Result "0-1"]
[WhiteElo "1664"]
[BlackElo "1805"]
[PlyCount "132"]
[EventDate "2018.09.24"]
[EventType "team-swiss"]
[EventRounds "11"]
[EventCountry "GEO"]
[SourceTitle "Ajedrez en Madrid"]
[Source "lmi"]
[SourceDate "2018.09.24"]
[WhiteTeam "South Africa"]
[BlackTeam "Indonesia"]
[WhiteTeamCountry "RSA"]
[BlackTeamCountry "INA"]

1. d4 Nf6 2. c4 g6 3. Nc3 Bg7 4. e4 d6 5. f3 O-O 6. Nge2 Nbd7 7. Ng3 c5 8. d5
a6 9. a4 Ne8 10. Be3 e6 11. Qd2 Ne5 12. Be2 Nc7 13. Bh6 exd5 14. cxd5 Bd7 15.
Bxg7 Kxg7 16. a5 Bb5 17. Nxb5 Nxb5 18. f4 Nd7 19. O-O Nd4 20. Bc4 Qf6 21. b4
Nb5 22. bxc5 Nxc5 23. Rae1 Qd4+ 24. Qxd4+ Nxd4 25. e5 Nc2 26. Re2 Nd4 27. Rb2
Rfd8 28. Rd1 Nf5 29. Nxf5+ gxf5 30. Ba2 h5 31. h3 h4 32. Rb6 Rab8 33. e6 Kf6
34. Kf1 Ne4 35. Bb1 Ng3+ 36. Kf2 fxe6 37. dxe6 Ke7 38. Re1 Rdc8 39. Bd3 Rc6 40.
Reb1 Rxb6 41. Rxb6 Kxe6 42. Bxa6 Ne4+ 43. Ke3 Nc5 44. Bxb7 Rxb7 45. Rxb7 Nxb7
46. a6 Na5 47. Kd3 Nc6 48. Kc4 Kd7 49. Kb5 d5 50. Kc5 d4 51. a7 Nxa7 52. Kxd4
Ke6 53. Ke3 Nb5 54. g3 hxg3 55. Kf3 Nd4+ 56. Kxg3 Kd5 57. h4 Ke4 58. h5 Ne2+
59. Kf2 Nxf4 60. h6 Ng6 61. Ke2 f4 62. h7 f3+ 63. Kf2 Kf4 64. Kf1 Kg3 65. Kg1
f2+ 66. Kf1 Nh8 0-1

[Event "43. Olimpiada Batumi 2018 Femenina"]
[Site "Batumi GEO"]
[Date "2018.09.30"]
[Round "6.1"]
[White "Paehtz, Elisabeth"]
[Black "Botsari, Anna-Maria"]
[Result "1-0"]
[WhiteElo "2513"]
[BlackElo "2252"]
[PlyCount "81"]
[EventDate "2018.09.24"]
[EventType "team-swiss"]
[EventRounds "11"]
[EventCountry "GEO"]
[SourceTitle "Ajedrez en Madrid"]
[Source "lmi"]
[SourceDate "2018.09.24"]
[WhiteTeam "Germany"]
[BlackTeam "Greece"]
[WhiteTeamCountry "GER"]
[BlackTeamCountry "GRE"]

1. e4 c5 2. Nf3 e6 3. d4 cxd4 4. Nxd4 Nc6 5. Nc3 Qc7 6. g3 a6 7. Bg2 d6 8. O-O
Bd7 9. Nb3 Be7 10. f4 Rc8 11. Be3 b5 12. a3 Nf6 13. Qe2 O-O 14. g4 h6 15. h4 h5
16. gxh5 Kh7 17. Rad1 Rh8 18. Bf3 Kg8 19. Rf2 Ne8 20. Rh2 Bf6 21. Qd2 Rd8 22.
Kh1 Na5 23. Nxa5 Qxa5 24. Qf2 Bxc3 25. Bb6 Qa4 26. b3 Qxa3 27. Bxd8 Qb4 28. Qe3
Bc6 29. Re2 Bf6 30. Qb6 Qc3 31. Kg2 Bxd8 32. Qxd8 Qc5 33. Kg3 b4 34. Red2 Kh7
35. Rd4 e5 36. fxe5 Qxe5+ 37. Kg2 a5 38. Qg5 f6 39. Qf5+ Kg8 40. Qc8 Rxh5 41.
Qxc6 1-0

[Event "43. Olimpiada Batumi 2018 Femenina"]
[Site "Batumi GEO"]
[Date "2018.09.30"]
[Round "6.2"]
[White "Tsolakidou, Stavroula"]
[Black "Osmanodja, Filiz"]
[Result "1-0"]
[WhiteElo "2393"]
[BlackElo "2348"]
[PlyCount "75"]
[EventDate "2018.09.24"]
[EventType "team-swiss"]
[EventRounds "11"]
[EventCountry "GEO"]
[SourceTitle "Ajedrez en Madrid"]
[Source "lmi"]
[SourceDate "2018.09.24"]
[WhiteTeam "Greece"]
[BlackTeam "Germany"]
[WhiteTeamCountry "GRE"]
[BlackTeamCountry "GER"]

1. d4 Nf6 2. c4 g6 3. Nc3 d5 4. Nf3 Bg7 5. Qb3 dxc4 6. Qxc4 O-O 7. e3 Nbd7 8.
Be2 Nb6 9. Qb3 Be6 10. Qc2 Rc8 11. b4 Nfd5 12. Nxd5 Nxd5 13. Bd2 a5 14. a3 axb4
15. axb4 Qd6 16. Rb1 Ra8 17. O-O Ra7 18. Bc4 Bg4 19. Ng5 Nb6 20. Bd3 Rfa8 21.
Ne4 Qd8 22. Nc5 Nd5 23. h3 Bc8 24. e4 Nb6 25. d5 Ra2 26. Qc1 R8a3 27. Bf4 c6
28. dxc6 bxc6 29. Qd1 Bd4 30. Bc2 Bxh3 31. Bb3 e5 32. Be3 Qh4 33. Bxd4 exd4 34.
Qf3 Be6 35. Nxe6 fxe6 36. Bxe6+ Kg7 37. Qf7+ Kh6 38. Bxa2 1-0

[Event "43. Olimpiada Batumi 2018 Femenina"]
[Site "Batumi GEO"]
[Date "2018.09.30"]
[Round "6.3"]
[White "Hoolt, Sarah"]
[Black "Avramidou, Anastasia"]
[Result "1/2-1/2"]
[WhiteElo "2355"]
[BlackElo "2260"]
[PlyCount "103"]
[EventDate "2018.09.24"]
[EventType "team-swiss"]
[EventRounds "11"]
[EventCountry "GEO"]
[SourceTitle "Ajedrez en Madrid"]
[Source "lmi"]
[SourceDate "2018.09.24"]
[WhiteTeam "Germany"]
[BlackTeam "Greece"]
[WhiteTeamCountry "GER"]
[BlackTeamCountry "GRE"]

1. e4 e6 2. d4 d5 3. e5 c5 4. c3 Nc6 5. Nf3 Bd7 6. Be2 Nge7 7. O-O Ng6 8. g3
Be7 9. h4 cxd4 10. cxd4 O-O 11. h5 Nh8 12. Nc3 f6 13. exf6 Bxf6 14. Re1 Nf7 15.
Bf1 Kh8 16. Bg2 Nd6 17. Bh3 Be8 18. Ne5 Nf5 19. Bxf5 Bxe5 20. Bxe6 Bxd4 21. Be3
Bxe3 22. Rxe3 Qf6 23. Qf1 d4 24. Nd5 Qh6 25. Re4 Bxh5 26. Qh3 Bf7 27. Qxh6 gxh6
28. Bxf7 Rxf7 29. Nf4 Re7 30. Rxe7 Nxe7 31. Rc1 Nc6 32. Kf1 Re8 33. Rc5 Re5 34.
Rxe5 Nxe5 35. Ke2 Kg8 36. Nd3 Nc6 37. Kf3 Kf7 38. Ke4 Kf6 39. a3 h5 40. Nc5 b6
41. Nd3 Kg5 42. Kd5 Ne7+ 43. Kxd4 h4 44. f4+ Kf5 45. gxh4 Ng6 46. Ke3 Nxh4 47.
a4 h5 48. b4 Ng6 49. b5 h4 50. Kf3 h3 51. Kg3 Nxf4 52. Nb4 1/2-1/2

[Event "43. Olimpiada Batumi 2018 Femenina"]
[Site "Batumi GEO"]
[Date "2018.09.30"]
[Round "6.4"]
[White "Pavlidou, Ekaterini"]
[Black "Fuchs, Judith"]
[Result "1-0"]
[WhiteElo "2194"]
[BlackElo "2274"]
[PlyCount "63"]
[EventDate "2018.09.24"]
[EventType "team-swiss"]
[EventRounds "11"]
[EventCountry "GEO"]
[SourceTitle "Ajedrez en Madrid"]
[Source "lmi"]
[SourceDate "2018.09.24"]
[WhiteTeam "Greece"]
[BlackTeam "Germany"]
[WhiteTeamCountry "GRE"]
[BlackTeamCountry "GER"]

1. d4 Nf6 2. c4 e6 3. Nc3 Bb4 4. e3 O-O 5. Nge2 c6 6. a3 Ba5 7. b4 Bc7 8. d5
Qe7 9. g3 a5 10. b5 exd5 11. cxd5 Be5 12. Bg2 cxb5 13. O-O Ra6 14. Rb1 b4 15.
Nb5 Rb6 16. Nbd4 Na6 17. Nf5 Qd8 18. f4 Bb8 19. a4 d6 20. Ned4 Nc5 21. g4 Bd7
22. Ra1 Qe8 23. Bb2 Nxa4 24. Rxa4 Bxa4 25. Qf3 Qd8 26. Nxg7 Ne8 27. Ngf5 f6 28.
Ne6 Qd7 29. Nh6+ Kh8 30. g5 Rf7 31. gxf6 Rxf6 32. Qg3 1-0

[Event "43. Olimpiada Batumi 2018 Femenina"]
[Site "Batumi GEO"]
[Date "2018.09.30"]
[Round "6.1"]
[White "Georgescu, Lena"]
[Black "Nasriddinzoda, Marvorii"]
[Result "0-1"]
[WhiteElo "2195"]
[BlackElo "2090"]
[PlyCount "130"]
[EventDate "2018.09.24"]
[EventType "team-swiss"]
[EventRounds "11"]
[EventCountry "GEO"]
[SourceTitle "Ajedrez en Madrid"]
[Source "lmi"]
[SourceDate "2018.09.24"]
[WhiteTeam "Switzerland"]
[BlackTeam "Tajikistan"]
[WhiteTeamCountry "SUI"]
[BlackTeamCountry "TJK"]

1. e4 c5 2. Nf3 Nc6 3. Nc3 e5 4. Bc4 d6 5. d3 Be7 6. O-O Nf6 7. Ng5 O-O 8. f4
h6 9. Nf3 exf4 10. Bxf4 Be6 11. Nd5 Bxd5 12. exd5 Na5 13. Nh4 Qd7 14. Bxh6 Nxc4
15. Nf5 gxh6 16. dxc4 Kh8 17. Nxh6 Rae8 18. Qf3 Bd8 19. Nf5 Re5 20. Qf4 Nh7 21.
Rae1 Bg5 22. Qf2 Rfe8 23. Rxe5 Rxe5 24. h4 Bf6 25. Qf4 b6 26. Kh1 Qxf5 27. Qxf5
Rxf5 28. Rxf5 Kg7 29. g3 Bxb2 30. Kg2 Nf6 31. Rf3 Ng4 32. Rb3 Bc1 33. Rb1 Bd2
34. Kf3 Ne5+ 35. Ke4 Kg6 36. Rf1 Bh6 37. Rf2 Nxc4 38. g4 Ne5 39. g5 Bg7 40. Rf1
Kh5 41. Kf5 b5 42. Rf2 a5 43. Re2 b4 44. g6 fxg6+ 45. Ke6 Nc4 46. Re4 Bd4 47.
Kd7 a4 48. Kc6 a3 49. Rf4 g5 50. hxg5 Kxg5 51. Rf8 Be5 52. Rf2 Ne3 53. Re2 Kf4
54. Rh2 Ke4 55. Rh4+ Kf3 56. Rh3+ Ke2 57. Rh5 Bg3 58. Rh3 Bf4 59. Rh4 Kf3 60.
Rxf4+ Kxf4 61. Kxd6 Nxc2 62. Kc7 b3 63. d6 Nd4 64. d7 Ne6+ 65. Kd6 Kf5 0-1

[Event "43. Olimpiada Batumi 2018 Femenina"]
[Site "Batumi GEO"]
[Date "2018.09.30"]
[Round "6.2"]
[White "Antonova, Nadezhda"]
[Black "Mueller-Seps, Monika"]
[Result "0-1"]
[WhiteElo "2038"]
[BlackElo "2230"]
[PlyCount "156"]
[EventDate "2018.09.24"]
[EventType "team-swiss"]
[EventRounds "11"]
[EventCountry "GEO"]
[SourceTitle "Ajedrez en Madrid"]
[Source "lmi"]
[SourceDate "2018.09.24"]
[WhiteTeam "Tajikistan"]
[BlackTeam "Switzerland"]
[WhiteTeamCountry "TJK"]
[BlackTeamCountry "SUI"]

1. d4 Nf6 2. Nf3 g6 3. Nbd2 c5 4. dxc5 Qa5 5. a3 Qxc5 6. b4 Qc7 7. c4 Bg7 8.
Bb2 d6 9. e3 O-O 10. Rc1 b6 11. Be2 Bb7 12. O-O Nbd7 13. Nd4 a6 14. Bf3 Rac8
15. N4b3 Qb8 16. Qe2 Rc7 17. Rfd1 Rfc8 18. h3 Qa8 19. Bxb7 Qxb7 20. Nf3 Ne4 21.
Bd4 Bxd4 22. exd4 d5 23. c5 a5 24. Nfd2 axb4 25. axb4 Ndf6 26. f3 Nxd2 27. Nxd2
Ra8 28. Nf1 bxc5 29. bxc5 Qc6 30. Rb1 Rb7 31. Qc2 Rab8 32. Rxb7 Qxb7 33. Qe2
Nh5 34. Qe5 Ra8 35. Ne3 Nf6 36. Rc1 Qb2 37. Rd1 Qb7 38. Rc1 Qb2 39. Rd1 Ra2 40.
Qxe7 Qf2+ 41. Kh1 Kg7 42. Qxf6+ Kxf6 43. Ng4+ Ke6 44. Nxf2 Rxf2 45. Kh2 Rc2 46.
h4 h5 47. Rd3 f6 48. Kh3 Kf5 49. g3 g5 50. hxg5 fxg5 51. g4+ hxg4+ 52. fxg4+
Ke4 53. Rd1 Rc3+ 54. Kg2 Kf4 55. Re1 Rc4 56. Kh3 Rxd4 57. Rf1+ Ke4 58. Rf5 Rc4
59. Rxg5 d4 60. c6 d3 61. Rg8 Rxc6 62. Re8+ Kf3 63. g5 d2 64. Rf8+ Ke4 65. Rd8
Rc3+ 66. Kg4 Rd3 67. Re8+ Kd4 68. Rd8+ Kc4 69. Rc8+ Kb5 70. Rb8+ Kc6 71. Rb1
d1=Q+ 72. Rxd1 Rxd1 73. Kf5 Kd7 74. Kf6 Rf1+ 75. Kg7 Ke7 76. g6 Rg1 77. Kh7 Kf8
78. Kh8 Rxg6 0-1

[Event "43. Olimpiada Batumi 2018 Femenina"]
[Site "Batumi GEO"]
[Date "2018.09.30"]
[Round "6.3"]
[White "Heinatz, Gundula"]
[Black "Hotami, Mutriba"]
[Result "1-0"]
[WhiteElo "2170"]
[BlackElo "1840"]
[PlyCount "55"]
[EventDate "2018.09.24"]
[EventType "team-swiss"]
[EventRounds "11"]
[EventCountry "GEO"]
[SourceTitle "Ajedrez en Madrid"]
[Source "lmi"]
[SourceDate "2018.09.24"]
[WhiteTeam "Switzerland"]
[BlackTeam "Tajikistan"]
[WhiteTeamCountry "SUI"]
[BlackTeamCountry "TJK"]

1. d4 Nf6 2. Nf3 g6 3. g3 Bg7 4. Bg2 O-O 5. O-O d6 6. b3 c5 7. Bb2 cxd4 8. Nxd4
d5 9. c4 dxc4 10. Na3 c3 11. Bxc3 Nd5 12. Bb2 Nc6 13. Nxc6 bxc6 14. Bxg7 Kxg7
15. Qd4+ Kg8 16. Nc4 Bb7 17. Rac1 a5 18. Rfd1 Qc7 19. Bxd5 Rad8 20. Bxf7+ Kxf7
21. Qc3 Rxd1+ 22. Rxd1 Kg8 23. Qxa5 Qc8 24. Qc5 Qe6 25. Qe3 Qf5 26. f3 c5 27.
Qxe7 Qc2 28. Rd8 1-0

[Event "43. Olimpiada Batumi 2018 Femenina"]
[Site "Batumi GEO"]
[Date "2018.09.30"]
[Round "6.4"]
[White "Abrorova, Sabrina"]
[Black "De Seroux, Camille"]
[Result "1-0"]
[WhiteElo "1685"]
[BlackElo "2175"]
[PlyCount "99"]
[EventDate "2018.09.24"]
[EventType "team-swiss"]
[EventRounds "11"]
[EventCountry "GEO"]
[SourceTitle "Ajedrez en Madrid"]
[Source "lmi"]
[SourceDate "2018.09.24"]
[WhiteTeam "Tajikistan"]
[BlackTeam "Switzerland"]
[WhiteTeamCountry "TJK"]
[BlackTeamCountry "SUI"]

1. d4 Nf6 2. Nf3 e6 3. c4 Bb4+ 4. Bd2 Qe7 5. e3 O-O 6. Bxb4 Qxb4+ 7. Qd2 Qxd2+
8. Nbxd2 d6 9. Bd3 Re8 10. O-O e5 11. dxe5 dxe5 12. Ne4 Nbd7 13. Nfd2 b6 14.
Nxf6+ Nxf6 15. Ne4 Nd7 16. Nc3 Nc5 17. Bc2 Be6 18. b4 Na6 19. Be4 Rad8 20. b5
Nc5 21. Bd5 f5 22. Rfd1 Kf7 23. Kf1 Rd6 24. Rab1 Red8 25. Ke2 Bxd5 26. Rxd5
Rxd5 27. Nxd5 Ne4 28. Rb3 Nd6 29. Rc3 g5 30. f3 h5 31. Nb4 g4 32. a4 Rg8 33.
Kf2 Ke6 34. c5 bxc5 35. Rxc5 Rc8 36. Nc6 e4 37. Nxa7 Rd8 38. Rxc7 h4 39. fxg4
fxg4 40. b6 Nf5 41. b7 g3+ 42. hxg3 Nxg3 43. Ke1 Rb8 44. a5 Kd6 45. Nb5+ Kd5
46. a6 Rf8 47. Rc8 Rf1+ 48. Kd2 Rf2+ 49. Kc3 Ne2+ 50. Kb4 1-0

[Event "43. Olimpiada Batumi 2018 Femenina"]
[Site "Batumi GEO"]
[Date "2018.09.30"]
[Round "6.1"]
[White "Dolzhikova, Olga"]
[Black "Badelka, Olga"]
[Result "1/2-1/2"]
[WhiteElo "2184"]
[BlackElo "2404"]
[PlyCount "264"]
[EventDate "2018.09.24"]
[EventType "team-swiss"]
[EventRounds "11"]
[EventCountry "GEO"]
[SourceTitle "Ajedrez en Madrid"]
[Source "lmi"]
[SourceDate "2018.09.24"]
[WhiteTeam "Norway"]
[BlackTeam "Belarus"]
[WhiteTeamCountry "NOR"]
[BlackTeamCountry "BLR"]

1. e4 c5 2. c3 Nf6 3. e5 Nd5 4. d4 cxd4 5. Nf3 e6 6. cxd4 d6 7. Bc4 Be7 8. O-O
O-O 9. Qe2 Nc6 10. Nc3 Nxc3 11. bxc3 dxe5 12. dxe5 b6 13. Qe4 Bb7 14. Qg4 Kh8
15. Re1 Na5 16. Be2 Qc7 17. Bg5 Rad8 18. Rad1 Bxf3 19. Bxf3 Bxg5 20. Qxg5 Rxd1
21. Rxd1 Nc4 22. Re1 h6 23. Qg3 Rd8 24. Bh5 Rd5 25. f4 Rd2 26. a4 Qc5+ 27. Kh1
Nb2 28. h3 g6 29. Bxg6 fxg6 30. Qxg6 Qf8 31. Qxe6 Nd3 32. Re3 Nxf4 33. Qf6+
Qxf6 34. exf6 Ng6 35. Re8+ Kh7 36. h4 h5 37. g4 hxg4 38. h5 Nh8 39. Re7+ Kh6
40. Rxa7 Rf2 41. Rg7 Rxf6 42. Rxg4 Kxh5 43. Rb4 Ng6 44. Kh2 Nf4 45. a5 bxa5 46.
Rb5+ Kg4 47. Rxa5 Kf3 48. Kg1 Rg6+ 49. Kf1 Rd6 50. Re5 Rh6 51. Rg5 Rh1+ 52. Rg1
Rh2 53. Rg8 Ra2 54. Re8 Rc2 55. Re7 Rc1+ 56. Re1 Rxc3 57. Re7 Rc2 58. Re8 Rc1+
59. Re1 Rc8 60. Re7 Nd5 61. Rf7+ Ke3 62. Kg2 Nf4+ 63. Kg3 Rg8+ 64. Kh2 Kf3 65.
Rf6 Rg2+ 66. Kh1 Rg4 67. Rf8 Kf2 68. Rh8 Rg1+ 69. Kh2 Rg2+ 70. Kh1 Rg1+ 71. Kh2
Ng6 72. Ra8 Rg2+ 73. Kh1 Rg5 74. Ra2+ Kf3 75. Ra3+ Kg4 76. Kg2 Nf4+ 77. Kf2 Rb5
78. Ke3 Kf5 79. Ra8 Ke5 80. Kf3 Ne6 81. Re8 Kf5 82. Ke3 Rb3+ 83. Kd2 Nd4 84.
Re7 Rh3 85. Re8 Ne6 86. Re7 Ke5 87. Re8 Kd5 88. Re7 Nc5 89. Re8 Rh2+ 90. Ke3
Ne6 91. Re7 Rh8 92. Kd2 Nc5 93. Ke3 Rh3+ 94. Kf4 Ne6+ 95. Kg4 Rh8 96. Kf3 Nd4+
97. Kg2 Rf8 98. Ra7 Ke4 99. Re7+ Kf4 100. Ra7 Rb8 101. Ra2 Rb4 102. Rf2+ Kg4
103. Ra2 Nf5 104. Kf2 Kf4 105. Ke2 Rd4 106. Ra8 Ng3+ 107. Kf2 Ne4+ 108. Kg2
Rd2+ 109. Kg1 Ng5 110. Rf8+ Ke3 111. Re8+ Ne4 112. Rf8 Rd7 113. Kg2 Rg7+ 114.
Kh2 Nd2 115. Ra8 Kf2 116. Kh3 Ke3 117. Ra3+ Kf4 118. Ra8 Rg3+ 119. Kh4 Nf3+
120. Kh5 Rh3+ 121. Kg6 Ne5+ 122. Kf6 Rh6+ 123. Ke7 Kf5 124. Rf8+ Ke4 125. Rf1
Rh7+ 126. Kd6 Nf3 127. Ra1 Rh6+ 128. Kc5 Nd2 129. Re1+ Kd3 130. Rd1 Rh7 131.
Kc6 Kc3 132. Kd5 Nb3 1/2-1/2

[Event "43. Olimpiada Batumi 2018 Femenina"]
[Site "Batumi GEO"]
[Date "2018.09.30"]
[Round "6.2"]
[White "Stetsko, Lanita"]
[Black "Hagesather, Ellen"]
[Result "0-1"]
[WhiteElo "2188"]
[BlackElo "2181"]
[PlyCount "94"]
[EventDate "2018.09.24"]
[EventType "team-swiss"]
[EventRounds "11"]
[EventCountry "GEO"]
[SourceTitle "Ajedrez en Madrid"]
[Source "lmi"]
[SourceDate "2018.09.24"]
[WhiteTeam "Belarus"]
[BlackTeam "Norway"]
[WhiteTeamCountry "BLR"]
[BlackTeamCountry "NOR"]

1. e4 c6 2. d4 d5 3. Nd2 dxe4 4. Nxe4 Nf6 5. Nxf6+ exf6 6. c3 Bd6 7. Bd3 O-O 8.
Ne2 Re8 9. Qc2 h5 10. Be3 Nd7 11. O-O-O Nf8 12. Ng3 g6 13. Ne4 Be7 14. h4 Nh7
15. g3 f5 16. Nd2 Be6 17. Kb1 b5 18. f3 Bf6 19. Bf4 a5 20. Rde1 Qd5 21. Qb3 Qd7
22. Qc2 Bg7 23. Be5 a4 24. Bxg7 Kxg7 25. a3 Nf6 26. Re2 Qd6 27. f4 Bb3 28. Nxb3
axb3 29. Qxb3 Rxe2 30. Bxe2 Ne4 31. Qc2 Nxg3 32. Rg1 Qxf4 33. Bd3 Ne4 34. Bxe4
fxe4 35. Qe2 e3 36. Qxh5 Re8 37. Qe2 Qxh4 38. Re1 f5 39. Kc2 f4 40. Rf1 g5 41.
Kc1 Qg3 42. d5 f3 43. Rxf3 Qxf3 44. Qxf3 e2 45. dxc6 e1=Q+ 46. Kc2 Re2+ 47. Kb3
Qd1+ 0-1

[Event "43. Olimpiada Batumi 2018 Femenina"]
[Site "Batumi GEO"]
[Date "2018.09.30"]
[Round "6.3"]
[White "Machlik, Monika"]
[Black "Ilyuchyk, Yana"]
[Result "1/2-1/2"]
[WhiteElo "2059"]
[BlackElo "2114"]
[PlyCount "191"]
[EventDate "2018.09.24"]
[EventType "team-swiss"]
[EventRounds "11"]
[EventCountry "GEO"]
[SourceTitle "Ajedrez en Madrid"]
[Source "lmi"]
[SourceDate "2018.09.24"]
[WhiteTeam "Norway"]
[BlackTeam "Belarus"]
[WhiteTeamCountry "NOR"]
[BlackTeamCountry "BLR"]

1. d4 Nf6 2. Nf3 g6 3. g3 Bg7 4. Bg2 O-O 5. O-O d6 6. b3 Nc6 7. Bb2 e5 8. dxe5
Ng4 9. c4 dxe5 10. e4 Nd4 11. Nc3 Re8 12. Ne2 c5 13. Nc3 Nf6 14. h3 Bd7 15. Qd3
Bc6 16. Rad1 Qa5 17. Kh2 Rad8 18. Qb1 a6 19. Nd5 Nxd5 20. exd5 Bd7 21. Nxd4
exd4 22. Rfe1 b5 23. Bf1 bxc4 24. Bxc4 Bh6 25. a4 Bf5 26. Rxe8+ Rxe8 27. Bd3
Re5 28. Kg2 Rxd5 29. Bxf5 Rxf5 30. Qd3 Qb6 31. Bc1 Qb7+ 32. Kg1 Bxc1 33. Rxc1
a5 34. Re1 Kg7 35. Re8 Rf6 36. h4 Qd7 37. Re1 Qd5 38. Rc1 h5 39. Rc2 Qf5 40.
Qd2 d3 41. Rc3 Rd6 42. Rc4 Qe5 43. f4 Qa1+ 44. Kg2 Kh7 45. Rxc5 Qb1 46. f5 Qxb3
47. fxg6+ Rxg6 48. Rxh5+ Kg7 49. Rb5 Qc2 50. Qxc2 dxc2 51. Rc5 Rg4 52. Rxc2
Rxa4 53. Rc6 Ra2+ 54. Kf3 a4 55. Ra6 a3 56. Kg4 Ra1 57. Kh5 a2 58. Ra7 Rg1 59.
Rxa2 Rxg3 60. Ra5 Rh3 61. Kg4 Rh1 62. Ra6 Rb1 63. Ra4 Rb5 64. Rc4 f6 65. Rc8
Rb4+ 66. Kf5 Rb5+ 67. Kg4 Kf7 68. Ra8 Kg6 69. Rg8+ Kf7 70. Ra8 Ke6 71. Re8+ Kf7
72. Ra8 Rb4+ 73. Kf5 Rb7 74. Ra5 Kg7 75. Ra8 Re7 76. Rb8 Rc7 77. Ra8 Rc5+ 78.
Kg4 Rc1 79. Kf5 Rf1+ 80. Kg4 Rf2 81. Rb8 Kf7 82. Ra8 Rf1 83. Rb8 f5+ 84. Kg5 f4
85. Kg4 Kg7 86. Ra8 Kf6 87. Ra6+ Ke5 88. Ra5+ Ke4 89. Ra4+ Ke3 90. Ra3+ Ke2 91.
Ra2+ Kd3 92. Ra3+ Ke4 93. Ra4+ Ke5 94. Ra5+ Kd4 95. Ra4+ Ke5 96. Ra5+ 1/2-1/2

[Event "43. Olimpiada Batumi 2018 Femenina"]
[Site "Batumi GEO"]
[Date "2018.09.30"]
[Round "6.4"]
[White "Kaliadzich, Maryia"]
[Black "Kyrkjebo, Hanna B"]
[Result "1/2-1/2"]
[WhiteElo "2040"]
[BlackElo "1947"]
[PlyCount "65"]
[EventDate "2018.09.24"]
[EventType "team-swiss"]
[EventRounds "11"]
[EventCountry "GEO"]
[SourceTitle "Ajedrez en Madrid"]
[Source "lmi"]
[SourceDate "2018.09.24"]
[WhiteTeam "Belarus"]
[BlackTeam "Norway"]
[WhiteTeamCountry "BLR"]
[BlackTeamCountry "NOR"]

1. d4 Nf6 2. Nf3 e6 3. e3 b6 4. Bd3 Bb7 5. O-O d5 6. c4 dxc4 7. Bxc4 Be7 8. b3
O-O 9. Bb2 c5 10. Qe2 Nbd7 11. Rd1 Qc7 12. Nbd2 Rac8 13. Nf1 Ne4 14. dxc5 bxc5
15. Rac1 Bf6 16. Bxf6 Ndxf6 17. Ng3 Rfd8 18. Rxd8+ Rxd8 19. Nxe4 Nxe4 20. h3
Qd6 21. a4 h6 22. Qb2 Qc6 23. Ne5 Qc7 24. Nf3 Qb8 25. Qc2 Qd6 26. Be2 Bd5 27.
Nd2 Nxd2 28. Qxd2 Bxb3 29. Qxd6 Rxd6 30. Rxc5 Bxa4 31. Ra5 Bc2 32. Rxa7 Be4 33.
Rc7 1/2-1/2